000 00391nam a2200133Ia 4500
008 210210b1990 xxu||||| |||| 00| 0 eng d
082 _a025 KHAC
100 _aKHAN (H A) and IJARI (S R)
245 _aCurrent problems and trends in library and information services.
260 _aVaranasi
_bIndian Bibliographic Centre
_c1990
300 _a370
690 _aLibrary Science
906 _a043996
999 _c93591
_d93591